Statystyki dla Gminy w województwie lubelskim

Kliknij tutaj aby rozwiązać quiz!

Ogólne statystyki

  • Ten quiz został rozwiązany 139 razy
  • Średni wynik to 70 z 213

Odpowiedzi na mapie

Odpowiedzi skodowane kolorowo w zielono-czerwonej skali na mapie do tego quizu, zgodnie z poniższymi procentami.
 

Statystyki odpowiedzi

Gmina% Poprawnych
Lublin
93%
Zamość
88%
Świdnik
87%
Chełm
85%
Lubartów
83%
Biłgoraj
80%
Hrubieszów
80%
Biała Podlaska
78%
Kraśnik
75%
Janów Lubelski
73%
Łuków
73%
Puławy
73%
Krasnystaw
72%
Ryki
72%
Tomaszów Lubelski
72%
Włodawa
72%
Łęczna
67%
Opole Lubelskie
67%
Kazimierz Dolny
65%
Nałęczów
65%
Radzyń Podlaski
65%
Parczew
62%
Dęblin
60%
Frampol
55%
Józefów
55%
Zwierzyniec
55%
Bychawa
52%
Piaski
52%
Terespol
52%
Rejowiec
50%
Kock
48%
Krasnobród
48%
Międzyrzec Podlaski
48%
Poniatowa
48%
Bełżyce
47%
Niemce
47%
Rejowiec Fabryczny
47%
Szczebrzeszyn
45%
Annopol
43%
Goraj
43%
Izbica
43%
Tarnogród
43%
Janów Podlaski
42%
Adamów
40%
Cyców
40%
Ostrów Lubelski
40%
Dorohusk
38%
Modliborzyce
38%
Niedrzwica Duża
38%
Stoczek Łukowski
38%
Jabłoń
37%
Lubycza Królewska
37%
Turobin
37%
Kamionka
35%
Urzędów
35%
Bełżec
33%
Dołhobyczów
32%
Horodło
32%
Łaszczów
32%
Nielisz
32%
Fajsławice
30%
Kurów
30%
Skierbieszów
30%
Tyszowce
30%
Chodel
28%
Głusk
28%
Łukowa
28%
Siedliszcze
28%
Susiec
28%
Trawniki
28%
Wilkołaz
28%
Czemierniki
27%
Firlej
27%
Garbów
27%
Jabłonna
27%
Końskowola
27%
Konstantynów
27%
Stężyca
27%
Tereszpol
27%
Wąwolnica
27%
Hanna
25%
Janowiec
25%
Józefów nad Wisłą
25%
Kodeń
25%
Sławatycze
25%
Stary Zamość
25%
Urszulin
25%
Wojciechów
25%
Aleksandrów
23%
Biszcza
23%
Konopnica
23%
Krzywda
23%
Księżpol
23%
Mircze
23%
Piszczac
23%
Potok Górny
23%
Sitno
23%
Wola Uhruska
23%
Wólka
23%
Wysokie
23%
Karczmiska
22%
Krzczonów
22%
Łabunie
22%
Mełgiew
22%
Obsza
22%
Szastarka
22%
Ulhówek
22%
Wisznice
22%
Jastków
20%
Markuszów
20%
Rachanie
20%
Sawin
20%
Telatyn
20%
Werbkowice
20%
Wohyń
20%
Wojsławice
20%
Żyrzyn
20%
Abramów
18%
Baranów
18%
Dubienka
18%
Kąkolewnica
18%
Krynice
18%
Leśna Podlaska
18%
Ruda-Huta
18%
Sosnowica
18%
Stanin
18%
Strzyżewice
18%
Sułów
18%
Tarnawatka
18%
Trzydnik Duży
18%
Wojcieszków
18%
Żółkiewka
18%
Batorz
17%
Białopole
17%
Chrzanów
17%
Hańsk
17%
Kłoczew
17%
Komarówka Podlaska
17%
Kraśniczyn
17%
Łomazy
17%
Michów
17%
Milanów
17%
Milejów
17%
Niedźwiada
17%
Nowodwór
17%
Podedwórze
17%
Puchaczów
17%
Radecznica
17%
Serniki
17%
Serokomla
17%
Spiczyn
17%
Uchanie
17%
Ulan-Majorat
17%
Ułęż
17%
Wierzbica
17%
Wilków
17%
Wola Mysłowska
17%
Zakrzew
17%
Zakrzówek
17%
Borki
15%
Borzechów
15%
Dębowa Kłoda
15%
Komarów-Osada
15%
Uścimów
15%
Wyryki
15%
Drelów
13%
Dzwola
13%
Godziszów
13%
Łaziska
13%
Łopiennik Górny
13%
Miączyn
13%
Ostrówek
13%
Potok Wielki
13%
Rokitno
13%
Rossosz
13%
Siennica Różana
13%
Trzebieszów
13%
Zalesie
13%
Gościeradów
12%
Grabowiec
12%
Kamień
12%
Sosnówka
12%
Stary Brus
12%
Jeziorzany
10%
Ludwin
10%
Żmudź
10%
Dzierzkowice
8%
Rudnik
8%
Siemień
8%
Trzeszczany
8%
Tuczna
8%
Gorzków
7%
Leśniowice
7%
Rybczewice
7%
Jarczów
5%

Rozkład punktacji

Percentyl według liczby udzielonych odpowiedzi

Procent ludzi z każdym wynikiem

Twoja historia wyników

Nie rozwiązałeś tego quizu